000
00318nam a22001457a 4500
008
230622b ||||| |||| 00| 0 eng d
020
_a
9780134217451
041
_a
eng
080
_2
TWELFTH EDITION
_a
51
082
_a
51LIA
100
_a
23
101
_a
MATE
245
_a
COLLEGE ALGEBRA
_c
LIAL
942
_2
udc
_c
BK
999
_c
60020
_d
60020